00926nam a2200217Ia 4500003000900000008004100009040001600050080002200066111008100088245018800169260005500357300001000412650003400422650004100456650002800497700003000525700003000555942000700585999001700592952009900609IN-BaIIA211028s9999 xx 000 0 eng d cIIA Library a520.8(082.2)bTHE aWorkshop the First year of HST ObservationscMarylandd1991 May 14-16917616 4aThe first year of HST observationsbproceedings of the workshop Baltimore, Maryland, 14-16 May 1991cedited by A. L. Kinney and J. C. Blades  aBaltimorebSpace Telescope Science Institutec1991 a297p. aAstronomical telescopes92016 aAstronomy and Astrophysics Thesaurus aHST observations917617 aBlades, J. C., ed.917209 aKinney, A. L., ed.917618 cBK c10363d10363 00104070aBANbBANcGENd1992-04-24l0o520.8(082.2)/ THEp11273r2021-11-05w1992-04-24yBK